000 00561nai a2200169Ia 4500
003 IN-BaIIA
008 211028c9999 xx s 000 0 eng d
022 _a0001-8686 (Online)
040 _cIIA Library
245 0 _aAdvances in Colloid and Interface Science
_h[eJournal]
260 _aNew York
_bElsevier
310 _aMonthly
362 _a54(); 1995 - Present
521 _bSubscribed through National Knowledge Resource Consortium (NKRC)
856 _uhttps://www.sciencedirect.com/science/journal/00018686
_yClick Here to Access eJournal
942 _cEJ
999 _c33956
_d33956